Géographie élémentaire, avec trois cartes enluminées, un traité de cosmographie, une planche représentant le système planétaire, un vocabulaire géographique, etc., à l'usage des écoles belgiques

Gespeichert in:
Bibliographische Detailangaben
1. Verfasser: RAINGO [Germain Benoît Joseph]
Format: keine Angabe
Sprache:Französisch
Erschienen: Mons À la librairie d'éducation de H. J. Hoyois, imprimeur 1830
Ausgabe:septième édition
Katalog:MANES:  Suchergebnis im Bibliothekskatalog
Schulbuchspezifische Eigenschaften:
Schlagworte:
Tags: Tag hinzufügen
Keine Tags, Fügen Sie den ersten Tag hinzu!
Hinzugefügt zu:26.04.2016

MARC

LEADER 000000000a22000000004500
001 22207
008 160427s be ||||| |||| 00| 0 fre d
040 |a manes  |c manes 
041 |a Francés 
100 1 |a RAINGO [Germain Benoît Joseph] 
245 0 0 |a Géographie élémentaire, avec trois cartes enluminées, un traité de cosmographie, une planche représentant le système planétaire, un vocabulaire géographique, etc., à l'usage des écoles belgiques 
250 |a septième édition 
260 3 |a Mons  |b À la librairie d'éducation de H. J. Hoyois, imprimeur  |c 1830 
300 |a 134+18 p. 
546 |a Bélgica 
650 7 |a Geografía 
655 7 |a Primaria 
942 |2 ddc  |c BK 
999 |c 44535  |d 44535 
999 |c manes:44535  |d 44535